[Event "POL-ch U12"]
[Site "Uniejow"]
[Date "2021.07.25"]
[Round "9"]
[White "Lecki, Leonard"]
[Black "Karwot, Marek"]
[Result "0-1"]
[WhiteElo "1423"]
[BlackElo "1380"]
[PlyCount "76"]
[EventDate "2021.07.18"]
[EventType "swiss"]
[EventRounds "9"]
[EventCountry "POL"]
[SourceTitle "EXT 2022"]
[Source "ChessBase"]
[SourceDate "2021.10.06"]
[SourceVersion "1"]
[SourceVersionDate "2021.10.06"]
[SourceQuality "1"]

1. e4 e6 2. c4 d5 3. exd5 exd5 4. cxd5 Qxd5 5. Nc3 Qd8 6. Bc4 Nf6 7. Nf3 Bd6 8. 0-0 0-0 9. h3 h6 10. d4 a6 11. Re1 Nbd7 12. Be3 b5 13. Bf1 Bb7 14. Rc1 Nb6 15. Rc2 Nbd5 16. Bc1 Nb4 17. Rce2 Bxf3 18. gxf3 Nc6 19. Kh1 Qd7 20. Ne4 Nh5 21. Bg2 Bf4 22. Rg1 Ne7 23. Bf1 Kh8 24. Rc2 Nd5 25. Rc5 Bxc1 26. Qxc1 Nhf4 27. Nf6 Qd6 28. Rc6 Qd8 29. Nh5 Ng6 30. Rcxg6 fxg6 31. Rxg6 Rf7 32. Bd3 Qh4 33. Nxg7 Qxh3+ 34. Kg1 Rxg7 35. Qc6 Rag8 36. Qxa6 Rxg6+ 37. Bxg6 Qf5 38. Qa8 Qxg6+ 0-1

[Event "POL-chT U20"]
[Site "Lublin"]
[Date "2021.06.28"]
[Round "3.4"]
[White "Karwot, Marek"]
[Black "Seemann, Pola"]
[Result "1-0"]
[WhiteElo "1395"]
[BlackElo "1607"]
[PlyCount "57"]
[EventDate "2021.06.26"]
[EventType "team-tourn"]
[EventRounds "9"]
[EventCountry "POL"]
[SourceTitle "CBM 203 Extra"]
[Source "ChessBase"]
[SourceDate "2021.09.30"]
[SourceVersion "1"]
[SourceVersionDate "2021.09.30"]
[SourceQuality "1"]
[WhiteTeam "Rydultowy Ognisko"]
[BlackTeam "Rybnik MKSz"]
[WhiteTeamCountry "POL"]
[BlackTeamCountry "POL"]

1. e4 c5 2. Nc3 e6 3. g3 Nc6 4. Bg2 Nf6 5. Nge2 Be7 6. 0-0 0-0 7. d4 cxd4 8. Nxd4 d5 9. exd5 Nxd5 10. Nxd5 exd5 11. Ne2 Be6 12. Nf4 d4 13. Nxe6 fxe6 14. Re1 Qd6 15. Bf4 e5 16. Bxc6 exf4 17. Bxb7 Rab8 18. Be4 Qf6 19. Qd3 h6 20. Rad1 Rxb2 21. Bd5+ Kh8 22. Bb3 Bc5 23. Re6 Qg5 24. Rde1 Qh5 25. R6e5 Qh3 26. Rxc5 f3 27. Qf1 Qg4 28. h3 Qg6 29. Re6 1-0